000 00323nam a2200133 i 4500
001 bg
100 1 _aPUCHOV, G. E.
245 0 _aLokalnye matematiceskie modeli sistem upravlenija /
_cG.E. Puchov.
260 _aKiev,
_c1971.
040 _cBPK
041 _apol
942 _cKS
008 s pl f |000 0 pol
999 _c14109
_d14109
856 _uhttp://koha.tu.koszalin.pl/cgi-bin/koha/opac-detail.pl?biblionumber=14109
_yKatalog online BPK